LIBRARY & INFORMATION CENTRE, KCAET, TAVANUR

ONLINE PUBLIC ACCESS CATALOGUE (OPAC)

Jonathan Wild and the voyage to Lisbon / (Record no. 16393)

MARC details
000 -LEADER
fixed length control field 00363nam a2200145Ia 4500
003 - CONTROL NUMBER IDENTIFIER
control field OSt
008 - FIXED-LENGTH DATA ELEMENTS--GENERAL INFORMATION
fixed length control field 150623b xxu||||| |||| 00| 1 eng d
082 ## - DEWEY DECIMAL CLASSIFICATION NUMBER
Classification number 823.308
Item number FIE/JO
100 ## - MAIN ENTRY--AUTHOR NAME
Personal name Fielding, Henry
245 ## - TITLE STATEMENT
Title Jonathan Wild and the voyage to Lisbon /
260 ## - PUBLICATION, DISTRIBUTION, ETC. (IMPRINT)
Place of publication London :
Name of publisher Everyman's Lib.,
Year of publication 1976.
300 ## - PHYSICAL DESCRIPTION
Number of Pages 286
490 ## - SERIES STATEMENT
Series statement No.877
942 ## - ADDED ENTRY ELEMENTS (KOHA)
Koha item type Books
Holdings
Withdrawn status Lost status Damaged status Collection code Home library Current library Date acquired Full call number Accession Number Koha item type
Withdrawn   Damaged Fiction KAUAET KAUAET 04/01/2021 823.308 FIE/JO 4569 Books
free website counter